Najwięksi eksporterzy drewna - Statystyki

Ogólne statystyki
  • Ten quiz został rozwiązany 24 razy
  • Średni wynik to 7 z 10
Statystyki odpowiedzi
Ilość drewna Państwo % Poprawnych
19 mln Rosja
100%
13 mln Stany Zjednoczone
100%
6 mln Kanada
95%
4 mln Francja
86%
5 mln Niemcy
86%
4 mln Australia
82%
5 mln Polska
82%
9 mln Czechy
45%
21 mln Nowa Zelandia
36%
4 mln Papua Nowa Gwinea
23%
Nie znaleziono quizów pasujących do podanych kryteriów
Rozkład punktacji
Procent ludzi z każdym wynikiem
Percentyl według liczby udzielonych odpowiedzi
Twoja historia wyników
Nie rozwiązałeś tego quizu